000 00327nam a22001457a 4500
005 20170401153617.0
008 170401b xxu||||| |||| 00| 0 eng d
041 _aeng
100 _aKAKU,L.C
_93781
245 _aFIRES IN COAL MINING
260 _bORIENTAL PUBLISHER
300 _a140
650 _aMINNING
_93782
942 _cBK
999 _c5390
_d5388